| 000 | 01073naa a22002897a 4500 | ||
|---|---|---|---|
| 001 | BR7300327 | ||
| 003 | BR-BrBNA | ||
| 005 | 20250709164611.0 | ||
| 007 | ta | ||
| 008 | 250630b bl.|||m| |||| 00| 0 por d | ||
| 040 |
_aBR-BrBNA _bpor _cBiblioteca Nacional de Agricultura |
||
| 041 | _a(Pt) | ||
| 072 |
_aH10 _b2120 _b4050 _bG514 |
||
| 090 | _aH10 BR7300327 | ||
| 100 | 1 | _aLordello, L.G.E. | |
| 100 | 1 | _aMonteiro, A.R. | |
| 111 | 1 |
_aReuniao de Nematologia _cPiracicaba, SP (Brazil) _d6 Feb 1974 |
|
| 245 | 1 | _aInformacao preliminar sobre um nematoide nocivo ao cafeeiro [Coffea arabica, Brasil] | |
| 500 | _aTrabalhos apresentados a Reuniao de Nematologia Piracicaba, SP (Brasil): 1974. p. 13-15 [Summary (En)] (BR7300327-AMS) | ||
| 773 | 0 |
_tTrabalhos apresentados a Reuniao de Nematologia _wH10 BR7300327 _gPiracicaba, SP (Brasil), 1974. p. 13-15 |
|
| 650 | _aCAFE | ||
| 650 | _aNEMATOIDE | ||
| 650 | _aSAO PAULO | ||
| 490 |
_aPublicacao - Sociedade Brasileira de Nematologia (Brazil) _vno. 1 |
||
| 942 |
_cAMS _2AGRIS |
||
| 909 |
_a202506 _bLúcia _c55 _dLúcia Elande |
||
| 999 |
_c332625 _d332625 |
||